Business of University Students

Uložené v:
Podrobná bibliografia
Hlavný autor: Pružinský, Michal, 1952-
Ďalší autori: Mucha, Martin
Médium: Kapitola
Jazyk:English
Predmet:
Tagy: Pridať tag
Žiadne tagy, Buďte prvý, kto otaguje tento záznam!

MARC

LEADER 00000naa$a2200000$$$4500
001 0260939
005 20240502074136.2
041 0 |a eng 
044 |a SK 
245 1 0 |a Business of University Students  |c Michal Pružinský, Martin Mucha 
500 |a abstrakt 
610 2 0 |a študenti 
610 2 0 |a školy vysoké 
610 2 0 |a podnikanie 
610 2 0 |a vzdelávanie 
100 1 |a Pružinský, Michal, 1952- 
700 1 |a Mucha, Martin